| 000 | 00693nam a2200241Ia 4500 | ||
|---|---|---|---|
| 003 | OSt | ||
| 005 | 20221005085318.0 | ||
| 006 | a|||||r|||| 00| 0 | ||
| 007 | ta | ||
| 008 | 221004b |||||||| |||| 00| 0 eng d | ||
| 024 | _a18395 | ||
| 037 |
_bGift, 01/06/2015, _cTextual |
||
| 040 |
_aCRL _cCRL _beng |
||
| 041 |
_2eng _aeng |
||
| 082 | _aR3xM44:1, J6 | ||
| 100 | _aNietzsche Friedrich | ||
| 245 | 0 | _aBirth of tragedy and the genealogy of morals | |
| 260 |
_aNew York _bDoubleday & Company U.S.A _c1956 |
||
| 300 |
_aix, 299p. _ccm. |
||
| 650 | _aPHILOSOPHY | ||
| 942 |
_hR3xM44:1, J6 _cTEXL _2cc |
||
| 999 |
_c994023 _d994023 |
||